Wszystkie hymny Polski - Statystyki

Ogólne statystyki
  • Ten quiz został rozwiązany 71 razy
  • Średni wynik to 5 z 9
Statystyki odpowiedzi
Państwo Hymn % Poprawnych
2 Rzeczpospolita Polska Mazurek Dąbrowskiego
98%
3 Rzeczpospolita Polska Mazurek Dąbrowskiego
98%
Polska Rzeczpospolita Ludowa Mazurek Dąbrowskiego / Międzynarodówka
98%
Królestwo Polskie Bogurodzica
84%
Rzeczpospolita Obojga Narodów Gaude Mater Polonia
32%
Księstwo Warszawskie Marsylianka
23%
Polskie Państwo Podziemne Naprzód, do boju
21%
Królestwo Kongresowe Pieśń Narodowa Za Pomyślność Króla
19%
Królestwo Polskie Heil dir im Siegerkranz
8%
Nie znaleziono quizów pasujących do podanych kryteriów
Rozkład punktacji
Procent ludzi z każdym wynikiem
Percentyl według liczby udzielonych odpowiedzi
Twoja historia wyników
Nie rozwiązałeś tego quizu